Splitting World Capitals Quiz Stats

 Plays Quiz Updated Mar 23, 2018

Challenge
Share
Tweet
Embed
Score 0/22 Timer 06:00
4 Plays Today
% Correct
Kingstown
94%
Freetown
93.7%
Bridgetown
93.7%
Warsaw
91.2%
Kingston
84.4%
Madrid
84.2%
Amman
80.6%
Washington
76.4%
Athens
73.2%
Tallinn
72.8%
Doha
67.8%
% Correct
Paris
67.4%
Montevideo
64.1%
Wellington
61.9%
Harare
57.4%
Dodoma
57.2%
Stockholm
56.6%
Lome
55.2%
Tunis
51.4%
Muscat
48.9%
Quito
46.6%
Brasilia
27.9%

You're not logged in!

Compare scores with friends on all Sporcle quizzes.
OR
Log In

You Might Also Like...

Show Comments

Extras

Top Quizzes Today


Score Distribution

Your Account Isn't Verified!

In order to create a playlist on Sporcle, you need to verify the email address you used during registration. Go to your Sporcle Settings to finish the process.

Report this User

Report this user for behavior that violates our Community Guidelines.

Details: